000 00398nam a22001337a 4500
003 SGT
082 _a973
_bMDU
100 _aMAHARSHI DAYANAND UNIVERSITY
245 _aSWARAJ KI KIRNE ANTRIM SANSAD MEIN CHOUDHAY CHARAN SINGH 1950-52
_bGRAMIN BHARAT KE PRAKHAR PRAHARI
260 _aROHTAK
_bMAHARSHI DAYANAND UNIVERSITY
_c2012
300 _a259
653 _aCHOUDHARY CHARAN SINGH
942 _2ddc
_cBK
999 _c28224
_d28224